LEADER 00636nam 2200193z- 450 001 9910674386403321 010 $a3-0365-6025-4 035 $a(CKB)5590000001026682 035 $a(EXLCZ)995590000001026682 100 $a20230124c2022uuuu -u- - 101 0 $aeng 200 00$aLeaders in Cardiovascular Research: A special issue dedicated to Professor Robert Anderson 210 $cMDPI 311 $a3-0365-6026-2 517 $aLeaders in Cardiovascular Research 906 $aBOOK 912 $a9910674386403321 996 $aLeaders in Cardiovascular Research: A special issue dedicated to Professor Robert Anderson$93058521 997 $aUNINA